000 00397cam a22001337a 4500
008 180718b1975 xxu||||| |||| 00| 0 eng d
082 _aT000x54 B469g
100 _aBhuleshkar, Ashok V.
245 _aGrowth of Indian economy in socialism
_cby Ashok V. Bhuleshkar
260 _aBombay
_bOxford & IBH
_c1975
300 _a607p.
650 _aSocialism -India
650 _aEconomic development - India
999 _c341884
_d341884